| 000 | nam a22 7a 4500 | ||
|---|---|---|---|
| 999 |
_c126396 _d126396 |
||
| 008 | 170411b xxu||||| |||| 00| 0 eng d | ||
| 050 | _aPN2287.F55 H5 | ||
| 100 |
_aHigham, Charles _929796 |
||
| 245 |
_aErrol flynn _bThe untlod story _cCharles Higham |
||
| 260 |
_aLondon _bGranada _c1980 |
||
| 300 |
_a416p. ; _c22cm. |
||
| 600 |
_aFlynn Errol _929797 |
||
| 942 |
_2lcc _cMONOGRAPH |
||